000 00758nam a2200229 i 4500
001 115251
003 ES-MaACL
005 20250707062623.0
007 t|
008 070227s1910 sp ||||1| spa d
080 _a821.134.2-32"19"
100 1 _aHoyos y Vinent, Antonio de,
_dca. 1885-1940
_964441
245 1 3 _aLa reconquista /
_cpor Antonio de Hoyos y Vinent ; ilustraciones de Santana Bonilla.
260 _aMadrid :
_bEl Cuento Semanal,
_c1910.
300 _a20 cm :
_bil. col. y n. ;
_c26 cm.
490 1 _aEl cuento semanal ;
_v174
500 _aTodas las páginas deterioradas.
700 1 _aSantana Bonilla
_c, ilustrador.
_9103328
830 0 3 _aEl cuento semanal
_v174
_9185957
852 _aES-MaACL
_jG-4445(17)
999 _c115251
_d115251